000 01276nam a2200265Ia 4500
003 PE SENCICO BE
005 20251020182435.0
008 200515s9999 xx 000 0 und d
020 _a92-9088-041-2
040 _aPE SENCICO BE
_cPE SENCICO BE
041 _aspa
082 _a378.013
_bA31
100 1 _aAgudelo Mejía, Santiago
_93042
_eautor
245 1 0 _aDoce temas de formación /
_cSantiago Agudelo Mejía
250 _a1a ed.
260 _aMontevideo :
_bCinterfor ;
_bOIT ;
_c1993
300 _a126 páginas :
_c23 cm.
505 0 _aDiseño operacional de la formación profesional -- El análisis ocupacional y su aplicación en la formación profesional -- El proceso de enseñanza - aprendizaje -- Los modos de formación -- El material didáctico -- Información y orientación profesional -- Formación individualizada -- La formación a distancia -- Certificación de calificaciones ocupacionales -- Calidad de la formación profesional -- Evaluación centrada en la persona -- Estadística aplicadas a la formación
650 1 0 _aFormación profesional
_91311
650 2 0 _aGestión de la formación profesional
_93043
650 2 0 _aOrientación profesional
_91354
650 2 0 _aPUB CINTERFOR
_92462
650 2 0 _aPUB OIT
_92507
942 _cLIB
_2ddc
999 _c364
_d364